LEADER 01247nam a2200265 i 4500 001 000000151024 003 CaOOAMICUS 005 20060620000000.0 008 060620s1974 it u000 u ita u 013 $a128362 040 $aSeMil$bita 100 1 $aCanettieri, Ennio.$0(OLS)http://semarc/name/59445 245 13$aIl movimento studentesco (1966-1968) :$bGermania, Italia, Francia /$cdi Ennio Canettieri ; testi antologici da E. Sereni ... [et al.]. 260 $aMessina ; Firenze :$bD'Anna,$c1974. 300 $a332 p. :$bill. ;$c21 cm. 490 0 $aSecondo millennio : problemi di storia per le scuole superiori ;$v40 500 $aContiene : Nota bibliografica. 650 4$aMovimento studentesco - 1966-1968.$0(OLS)http://semarc/subject/29518 700 1 $aSereni, Emilio,$d<1907-1977>.$0(OLS)http://semarc/name/59446 830 0$aSecondo Millennio [D'Anna] ;$v40.$0(OLS)http://semarc/title/7463 850 $aSeMil 852 $aSeMil$W1$xVenegono$y1$m3U II 493$j103077$B103077$CSeMilBibl$Z2$F113269 $81 961 $aOmaggio: Altro 996 $6245$aIl movimento studentesco (1966-1968) :$bGermania, Italia, Francia$9(OLS)http://semarc/title/220753 996 $6260$aMessina ; Firenze :$bD'Anna$9(OLS)http://semarc/publisher/30286 LEADER 00989nam a2200217 i 4500 001 000000155219 003 CaOOAMICUS 005 20061103000000.0 008 061103s1905 it u000 u ita u 013 $a132568 040 $aSeMil$bita 100 1 $aHermanin, Federico.$0(OLS)http://semarc/name/40523 245 10$aGiambattista Piranesi :$barchitetto e incisore /$ccinquanta tavole con introduzione di Federico Hermanin direttore della R. Gall. d'arte antica e Gabinetto delle Stampe in Roma. 260 $aTorino :$bEdizioni d'Arte e Celanza,$c1905. 300 $a20 p., [50] p. di tav. ;$c29 cm. 490 0 $aArtisti d'Italia 830 0$aArtisti d'Italia.$0(OLS)http://semarc/title/22175 850 $aSeMil 852 $aSeMil$W1$xVenegono$y1$m5K VII 17$j107056$B107056$CSeMilBibl$Z2$F116404 $8I 996 $6245$aGiambattista Piranesi :$barchitetto e incisore$9(OLS)http://semarc/title/227279 996 $6260$aTorino :$bEdizioni d'Arte e Celanza$9(OLS)http://semarc/publisher/34482